Latin American political economy in the age of neoliberal reform : (Record no. 36941)
[ view plain ]
| 000 -LEADER | |
|---|---|
| campo de control de longitud fija | 01662nam a2200205 4500 |
| 001 - NÚMERO DE CONTROL | |
| campo de control | 163 |
| 005 - FECHA Y HORA DE LA ÚLTIMA TRANSACCIÓN | |
| campo de control | 20230410105440.0 |
| 008 - DATOS DE LONGITUD FIJA--INFORMACIÓN GENERAL | |
| campo de control de longitud fija | 060907n1994 dr spa |
| 020 ## - NÚMERO INTERNACIONAL ESTÁNDAR DEL LIBRO | |
| Número Internacional Estándar del Libro | 1560007311 |
| 035 ## - NÚMERO DE CONTROL DEL SISTEMA | |
| -- | funglode164 |
| 041 ## - CÓDIGO DE IDIOMA | |
| Código de lengua del texto/banda sonora o título independiente | En |
| 050 14 - SIGNATURA TOPOGRÁFICA DE LA BIBLIOTECA DEL CONGRESO | |
| Número de clasificación | HC 125 L357 1994 |
| 245 0# - MENCIÓN DEL TÍTULO | |
| Título | Latin American political economy in the age of neoliberal reform : |
| Resto del título | theoretical and comparative perspectives for the 1990s / |
| Mención de responsabilidad, etc. | Edited by William C. Smith, Carlos H. Acuña, and Eduardo A. Gamarra |
| 260 ## - PUBLICACIÓN, DISTRIBUCIÓN, ETC. | |
| Lugar de publicación, distribución, etc. | Coral Gables, Florida : |
| Nombre del editor, distribuidor, etc. | North-South Center, University of Miami, |
| Fecha de publicación, distribución, etc. | 1994 |
| 300 ## - DESCRIPCIÓN FÍSICA | |
| Extensión | viii, 218 p. |
| 504 ## - NOTA DE BIBLIOGRAFÍA, ETC. | |
| Nota de bibliografía, etc. | Bibliografía p. 209-12 |
| 520 ## - RESUMEN, ETC. | |
| Sumario, etc. | Market-oriented reforms and democratization in Latin America : Challenges of the 1990s / Eduardo A. Gamarra, 1. -- The political economy of structural adjustment : The logic of support and opposition to neoliberal reform / Carlos H. Acuña, William C. Smith, 17. -- Convergence and dissension : Democracy, markets, and structural reform in world perspective / Aldo C. Vacs, 67. -- Growth and structural reform in Latin America : Where we stand / José María Fanelli, Roberto Frenkel, Guillermo Rozenwurcel, 101. -- Politics : A key for the Long term in South America / Marcelo Cavarozzi, 127. -- The State, democratization, and some conceptual problems (A Latin American view with glances at some post-communist countries) / Guillermo O'Donnell, 157. -- Economic reforms in new democracies : A social-democratic approach / Luiz Carlos Bresser Pereira, José María Maravall, Adam Przeworski, 181 |
| 700 ## - ENTRADA AGREGADA--NOMBRE PERSONAL | |
| Nombre de persona | Smith, William C., ed. \ Acuña, Carlos H., ed. \ Gamarra, Eduardo A., ed |
| 942 ## - ELEMENTOS DE ENTRADA SECUNDARIOS (KOHA) | |
| Fuente del sistema de clasificación o colocación | Clasificación de Library of Congress |
| Tipo de ítem Koha | |
| Estatus retirado | Estado de pérdida | Fuente del sistema de clasificación o colocación | Estado de daño | No para préstamo | Colección | Biblioteca de origen | Biblioteca actual | Ubicación en estantería | Fecha de adquisición | Serial enumeration / chronology | Signatura topográfica completa | Código de barras | Visto por última vez | Tipo de ítem Koha |
|---|---|---|---|---|---|---|---|---|---|---|---|---|---|---|
| Clasificación de Library of Congress | Ciencias Sociales | Biblioteca Juan Bosch | Biblioteca Juan Bosch | Ciencias Sociales (3er. Piso) | 24/10/2018 | 1 | HC 125 L357 1994 | 00000001306 | 24/10/2018 |
